Integración de la supervisión financiera en el Banco Central (Registro nro. 23040)
[ vista simple ]
| 000 -LEADER | |
|---|---|
| fixed length control field | 00422 a2200133 4500 |
| 001 - CONTROL NUMBER | |
| control field | ART_35659 |
| 005 - DATE AND TIME OF LATEST TRANSACTION | |
| control field | 20260410161829.0 |
| 008 - FIXED-LENGTH DATA ELEMENTS--GENERAL INFORMATION | |
| fixed length control field | 260409a |
| 100 1# - MAIN ENTRY--PERSONAL NAME | |
| Personal name | Demaestri, Edgardo |
| 245 10 - TITLE STATEMENT | |
| Title | Integración de la supervisión financiera en el Banco Central |
| 700 1# - ADDED ENTRY--PERSONAL NAME | |
| Personal name | Ottavianelli, Jorge |
| 700 1# - ADDED ENTRY--PERSONAL NAME | |
| Personal name | Ferro, Gustavo |
| 773 0# - HOST ITEM ENTRY | |
| Title | Estudios Económicos |
| Related parts | - Vol. 32, Nº 64 (ene./jun. 2015) |
| Record control number | REV5080 |
No hay ítems disponibles.